[Event "TUR Cup										"]
[Site "Antalya"]
[Date "2018.02.01"]
[Round "9"]
[White "Kavalci, Emin"]
[Black "Bayav, Secahattin"]
[Result "1-0"]
[WhiteElo "1512"]
[BlackElo "1781"]
[PlyCount "99"]
[EventDate "2018.01.27"]
[EventType "swiss"]
[EventRounds "11"]
[EventCountry "TUR"]
[SourceTitle "CBM 182 Extra"]
[Source "ChessBase"]
[SourceDate "2018.02.23"]
[SourceVersion "1"]
[SourceVersionDate "2018.02.23"]
[SourceQuality "1"]

1. d4 d6 2. Nf3 Nf6 3. Bf4 g6 4. e3 Bg7 5. Be2 Bg4 6. h3 Bd7 7. 0-0 0-0 8. c3 Qc8 9. Nbd2 Nc6 10. e4 Re8 11. e5 dxe5 12. Nxe5 Nxe5 13. Bxe5 Bf5 14. Bf3 c6 15. Re1 Qd7 16. g4 Be6 17. Bg2 Nd5 18. Bxg7 Kxg7 19. Qe2 Rh8 20. Qe5+ Kg8 21. Ne4 Qc7 22. Qxc7 Nxc7 23. Nc5 h5 24. g5 Kf8 25. Nxb7 Rb8 26. Nc5 Rxb2 27. Nxe6+ Nxe6 28. h4 Nf4 29. Bf1 e6 30. c4 Rd2 31. Rad1 Rxd1 32. Rxd1 e5 33. dxe5 Ke7 34. Rd6 Rc8 35. c5 Rc7 36. Bc4 Ne6 37. Bxe6 fxe6 38. a4 a5 39. f4 Rc8 40. Kf2 Rc7 41. Ke3 Rc8 42. Kf3 Rc7 43. f5 gxf5 44. g6 Rc8 45. Kf4 Re8 46. Kg5 f4 47. Rd4 f3 48. Rd2 Rf8 49. Rf2 Rf5+ 50. Kh6 1-0

[Event "Manavgat Turkey Cup"]
[Site "Manavgat"]
[Date "2016.02.02"]
[Round "6"]
[White "Bayav, Secahattin"]
[Black "Bozkurt, Mehmet Baris"]
[Result "0-1"]
[WhiteElo "1925"]
[BlackElo "1559"]
[PlyCount "54"]
[EventDate "2016.01.30"]
[EventType "swiss"]
[EventRounds "11"]
[EventCountry "TUR"]
[SourceTitle "CBM 170 Extra"]
[Source "ChessBase"]
[SourceDate "2016.02.25"]
[SourceVersion "1"]
[SourceVersionDate "2016.02.25"]
[SourceQuality "1"]

1. e4 c5 2. Nf3 d6 3. d4 cxd4 4. Nxd4 Nf6 5. Nc3 a6 6. Bg5 e6 7. f4 Be7 8. Qf3 Qc7 9. 0-0-0 Nbd7 10. Bd3 b5 11. Rhe1 Bb7 12. Qg3 b4 13. Nd5 exd5 14. exd5 Kd8 15. Nc6+ Bxc6 16. dxc6 Nc5 17. Bc4 Rf8 18. Qe3 Nce4 19. Bh4 h5 20. Rd4 a5 21. Red1 Rb8 22. Kb1 a4 23. h3 a3 24. g4 axb2 25. Kxb2 Nc3 26. Re1 hxg4 27. hxg4 Nfe4 0-1